| 000 | 00660nam a22001937a 4500 | ||
|---|---|---|---|
| 999 |
_c5459 _d5459 |
||
| 003 | AR-CdUCM | ||
| 008 | 190312b ||||| |||| 00| 0 spa d | ||
| 040 |
_aMUNICIPALIDAD PROVINCIAL DEL CUSCO _cBIBLIOTECA MUNICIPAL DEL CUSCO |
||
| 082 |
_a868.41 / _bE78 |
||
| 100 |
_aEscalona _916416 |
||
| 245 |
_aLa generación de la esperanza : _bbiografía mínima de un educador / |
||
| 260 |
_aCaracas : _bImprenta de la dirección de cultura y bellas artes del Ministerio de Educación, _c1956. |
||
| 300 |
_a24 páginas ; _c18.5 cm. |
||
| 500 | _aDonación familia Nieto | ||
| 650 |
_aNarrativa _967 |
||
| 650 |
_aSiglo XX _98 |
||
| 942 |
_2ddc _cLIBROS |
||
| 945 | _aafb | ||